Exploitation and economic justice in the liberal capitalist state / (Record no. 5902)
[ view plain ]
| 000 -LEADER | |
|---|---|
| fixed length control field | 00438cam a2200145 a 4500 |
| 020 ## - INTERNATIONAL STANDARD BOOK NUMBER | |
| International Standard Book Number | 9780199664009 (hbk.) |
| 020 ## - INTERNATIONAL STANDARD BOOK NUMBER | |
| International Standard Book Number | 0199664005 (hbk.) |
| 050 00 - LIBRARY OF CONGRESS CALL NUMBER | |
| Classification number | HB 501 |
| Item number | .R37 |
| 100 1# - MAIN ENTRY--PERSONAL NAME | |
| Personal name | Reiff, Mark R., |
| 245 10 - TITLE STATEMENT | |
| Title | Exploitation and economic justice in the liberal capitalist state / |
| Statement of responsibility, etc. | Mark R. Reiff. |
| 260 ## - PUBLICATION, DISTRIBUTION, ETC. (IMPRINT) | |
| Place of publication, distribution, etc. | Oxford : |
| Name of publisher, distributor, etc. | Oxford University Press, |
| Date of publication, distribution, etc. | c2013. |
| 300 ## - PHYSICAL DESCRIPTION | |
| Extent | 348 p. : |
| 650 #0 - SUBJECT ADDED ENTRY--TOPICAL TERM | |
| General subdivision | Moral and ethical aspects. |
| 942 ## - ADDED ENTRY ELEMENTS (KOHA) | |
| Source of classification or shelving scheme | Library of Congress Classification |
| Koha item type | General circulation |
| Withdrawn status | Lost status | Source of classification or shelving scheme | Damaged status | Not for loan | Home library | Current library | Shelving location | Date acquired | Total Checkouts | Full call number | Barcode | Date last seen | Date last checked out | Price effective from | Koha item type |
|---|---|---|---|---|---|---|---|---|---|---|---|---|---|---|---|
| Library of Congress Classification | Main Campus Library | Main Campus Library | General Stacks | 13/05/2019 | 1 | HB 501 .R4 | 2015/002776 | 29/05/2019 | 13/05/2019 | 13/05/2019 | General circulation |